000 00557nam a2200169 i 4500
001 44582
003 ES-MaACL
005 20230906161047.0
007 t|
008 030321s1959 sp ||||1| spa d
245 0 0 _aCódigo de comercio español :
_bde 22 de agosto de 1885, con las variantes introducidas hasta el día, 1958, anotado y seguido de un repertorio alfabético de materias y un extenso apéndice.
250 _a5ª ed.
260 _aMadrid :
_bReus,
_c1959.
300 _a515 p. ;
_c14 cm.
500 _aÍndice.
852 4 _aES-MaACL
_jA-5464
999 _c44582
_d44582